Business Improvement Districts (Record no. 118030)
[ view plain ]
| 000 -LEADER | |
|---|---|
| fixed length control field | 01126cam a2200217 4500 |
| 001 - CONTROL NUMBER | |
| control field | WB@3612-591 |
| 008 - FIXED-LENGTH DATA ELEMENTS--GENERAL INFORMATION | |
| fixed length control field | 040922n2004 000 0 eng u |
| 035 ## - SYSTEM CONTROL NUMBER | |
| System control number | (Sirsi) u127486 |
| 245 ## - TITLE STATEMENT | |
| Title | Business Improvement Districts |
| 260 ## - PUBLICATION, DISTRIBUTION, ETC. | |
| Date of publication, distribution, etc. | 2004 |
| 490 ## - SERIES STATEMENT | |
| Series statement | ODPM News Release |
| Volume/sequential designation | (2004/0223) 17 September 2004 (3) |
| 520 ## - SUMMARY, ETC. | |
| Summary, etc. | Regulations laid at the beginning of September 2004 before the UKparliament have now come into force. Business Improvement Districts will allow local authorities and businesses to work together, to put in to place local projects to improve town centres and business districts. They will be funded by a levy raised on the local business rate. Businesses will have the opportunity to agree on the projects for which they are contributing and to vote on the amount of money they are prepared to raise. http://www.odpm.gov.uk/pns/DisplayPN.cgi?pn_id=200 4_0223 |
| 590 ## - LOCAL NOTE (RLIN) | |
| Local note | WB |
| 590 ## - LOCAL NOTE (RLIN) | |
| Local note | WB |
| 650 ## - SUBJECT ADDED ENTRY--TOPICAL TERM | |
| Topical term or geographic name entry element | BUSINESS IMPROVEMENT DISTRICTS |
| 650 ## - SUBJECT ADDED ENTRY--TOPICAL TERM | |
| Topical term or geographic name entry element | LOCAL GOVERNMENT ACT 2003 |
| 650 ## - SUBJECT ADDED ENTRY--TOPICAL TERM | |
| Topical term or geographic name entry element | BUSINESS PARTNERSHIPS |
| 650 ## - SUBJECT ADDED ENTRY--TOPICAL TERM | |
| Topical term or geographic name entry element | LOCAL AUTHORITIES |
| 690 ## - LOCAL SUBJECT ADDED ENTRY--TOPICAL TERM (OCLC, RLIN) | |
| Topical term or geographic name as entry element | LOCAL GOVERNMENT |
| 942 ## - ADDED ENTRY ELEMENTS (KOHA) | |
| Suppress in OPAC | 0 |
| Withdrawn status | Lost status | Source of classification or shelving scheme | Damaged status | Not for loan | Home library | Current library | Shelving location | Date acquired | Total Checkouts | Full call number | Barcode | Date last seen | Copy number | Price effective from | Koha item type |
|---|---|---|---|---|---|---|---|---|---|---|---|---|---|---|---|
| Dewey Decimal Classification | London | London | News article | 22/09/2004 | WB4036-10 | 127486-1001 | 06/08/2019 | 1 | 06/08/2019 | News article |